| 000 | 00632nam a2200217Ia 4500 | ||
|---|---|---|---|
| 999 |
_c49475 _d49475 |
||
| 001 | 16399 | ||
| 003 | GE_BSU | ||
| 005 | 20221129124729.0 | ||
| 008 | 181216s2007||||enk|||||||||||||| ||eng|| | ||
| 020 | _a9780805083392x | ||
| 040 | _cGE_BSU | ||
| 041 | _aeng | ||
| 080 | _a159.94 E-42 | ||
| 100 |
_aEkman, Paul _916203 |
||
| 245 |
_aEmotions Revealed : _bRecognizing Faces and Feelings to Improve Communication and Emotional Life / _cPaul Ekman. |
||
| 250 | _a2nd ed. | ||
| 264 |
_aNew York : _bST.MARTIN'S GRIFFIN, _c2007. |
||
| 300 |
_a290 p. : _bill. ; _c 24 cm. |
||
| 653 | _aფსიქოლოგია | ||
| 942 |
_cBK _2udc |
||